LEADER 01008nam a2200253 i 4500 001 991000675439707536 005 20020507172123.0 008 951107s1994 ||| ||| | ita 035 $ab10741604-39ule_inst 035 $aLE01300549$9ExL 040 $aDip.to Matematica$beng 082 0 $a511.3 084 $aAMS 03H 100 1 $aProvenzano, Nadia$0534617 245 10$aAnalisi non-standard e misura di Loeb. Tesi di laurea /$claureanda Nadia Provenzano ; relat. Ruggero Ferro 260 $aLecce :$bUniversità degli studi. Facoltà di Scienze. Corso di laurea in Matematica,$ca.a. 1994-95 650 4$aNonstandard models 700 1 $aFerro, Ruggero 907 $a.b10741604$b02-04-14$c28-06-02 912 $a991000675439707536 945 $aLE013 TES 1994/95 PRO1$g1$i2013000041964$lle013$o-$pE0.00$q-$rl$s- $t0$u0$v0$w0$x0$y.i10832865$z28-06-02 996 $aAnalisi non-standard e misura di Loeb. Tesi di laurea$9910886 997 $aUNISALENTO 998 $ale013$b01-01-95$cm$da $e-$feng$gxx $h0$i1